| 000 | 01130nam a22002777a 4500 | ||
|---|---|---|---|
| 001 | 9571 | ||
| 003 | FISKH | ||
| 005 | 20260330141836.0 | ||
| 008 | 260123b cb ||||| |||| 00| 0 eng d | ||
| 020 | _a9781407193502 | ||
| 040 |
_aFISKH _beng _cFISKH _dFISKH |
||
| 050 | _aH2015 | ||
| 082 | _a823.92 | ||
| 100 |
_aPichon, Liz _eAuthor |
||
| 245 |
_aYes! no (maybe...) / _cBy Liz Pichon |
||
| 260 |
_aDublin : _bScholastic Inc. , _c2015 |
||
| 300 |
_a257 pages : _billustrations ; _c19 cm |
||
| 490 |
_aTom gates : _v8 |
||
| 505 | _aP | ||
| 520 | _aThe laugh-out-loud Tom Gates is back in another brilliant instalment of Liz Pichon's bestselling illustrated series. Sometimes making up my mind isn't easy to do. Especially when my grumpy sister Delia is LOOMING over me., Mum's on a mission to TIDY UP the whole house. She says if I can't decide what to get rid of, she'll do it for me. Which would be a DISASTER! Lucky for me, The FOSSILS come to my rescue (more than once!) | ||
| 521 | 8 |
_a630
_bLexile |
|
| 521 | 8 |
_aP
_bRaz-Plus |
|
| 650 |
_aTom gates series _vDiary format |
||
| 942 |
_2ddc _cBK _n0 |
||
| 999 |
_c9571 _d9571 |
||